Taiwan by Picture #1 - Statistics

General Stats
  • This quiz has been taken 146 times
    145 since last reset
  • The average score is 4 of 16
Answer Stats
Picture Hint Answer % Correct
Building Taipei 101
96%
Historical figure Chiang Kai-shek
62%
Major political party Kuomintang
55%
Former colonizer Spanish Empire
45%
Major city Kaohsiung
44%
Major airline China Airlines
38%
Mountain Yushan
24%
Extinct aboriginal practice Headhunting
22%
Prominent goddess Mazu
16%
Educational institution National Taiwan University
14%
National bird Taiwan blue magpie
9%
Tourist attraction Fo Guang Shan Buddha Museum
6%
Extinct big cat Formosan clouded leopard
6%
Historical entity Kingdom of Tungning
5%
Unofficial national tree Camphor tree
3%
Famous foreigner George Leslie Mackay
2%
No matching quizzes found
Score Distribution
Percent of People with Each Score
Percentile by Number Answered
Your Score History
You have not taken this quiz since the last reset